| 000 | 00396cam a22001217a 4500 | ||
|---|---|---|---|
| 008 | 180718b1986 xxu||||| |||| 00| 0 eng d | ||
| 082 | _aZx73 B41 | ||
| 245 |
_aDirt rich, dirt poor: American's food and farm crisis _cby Joseph N. Belden et.al. |
||
| 260 |
_aLondon _bRoutledgeand kegal Paul _c1986 |
||
| 300 | _a188p. | ||
| 650 | _aAgriculture and state - United States | ||
| 700 | _aBelden, Joseph N. | ||
| 999 |
_c341111 _d341111 |
||